Dolgellau Golf Club v Hett (Record no. 55952)

MARC details
000 -LEADER
fixed length control field 01322cab a2200229 4500
001 - CONTROL NUMBER
control field ABS59320
008 - FIXED-LENGTH DATA ELEMENTS--GENERAL INFORMATION
fixed length control field 090401t1998 xxu||||| |||| 00| 0 eng d
035 ## - SYSTEM CONTROL NUMBER
System control number (Sirsi) u88539
041 ## - LANGUAGE CODE
Language code of text/sound track or separate title eng
245 ## - TITLE STATEMENT
Title Dolgellau Golf Club v Hett
260 ## - PUBLICATION, DISTRIBUTION, ETC.
Date of publication, distribution, etc. 1998
350 ## - PRICE (NR) (BK AM CF MU VM SE) [OBSOLETE]
Price 0
490 ## - SERIES STATEMENT
Series statement Estates Gazette
Volume/sequential designation [1998] 34 EG 87-91(5)
520 ## - SUMMARY, ETC.
Summary, etc. "Dolgellau Golf Club v Hett" CA 3 April 1998. The appellant held a tenancy of land on which it operated a golf club. Prior to the expiration of the term of the tenancy, they served a request on the landlord seeking a new tenancy under Landlord and Tenant Act 1954 s26. The landlord served a counternotice opposing the new tenancy on the grounds provided by s30 of the Act. At the county court hearing the landlord relied on s30(9) of the Act, that he intended to occupy the premises for the purpose of establishing a proprietary golf club. Held; the appeal was dismissed. Whether the landlord established his intention to occupy the land for the purpose of running a golf club was the issue not whether the scheme was practical.
650 ## - SUBJECT ADDED ENTRY--TOPICAL TERM
Topical term or geographic name entry element DOLGELLAU GOLF CLUB V HETT
650 ## - SUBJECT ADDED ENTRY--TOPICAL TERM
Topical term or geographic name entry element GOLF COURSE
650 ## - SUBJECT ADDED ENTRY--TOPICAL TERM
Topical term or geographic name entry element LANDLORD AND TENANT ACT 1954
650 ## - SUBJECT ADDED ENTRY--TOPICAL TERM
Topical term or geographic name entry element REPOSSESSION
690 ## - LOCAL SUBJECT ADDED ENTRY--TOPICAL TERM (OCLC, RLIN)
Topical term or geographic name as entry element LANDLORD AND TENANT-CASE LAW-BUSINESS TENANCIES
942 ## - ADDED ENTRY ELEMENTS (KOHA)
Suppress in OPAC 0
948 ## - LOCAL PROCESSING INFORMATION (OCLC); SERIES PART DESIGNATOR (RLIN)
c (OCLC) 17/09/1998
Holdings
Withdrawn status Lost status Source of classification or shelving scheme Damaged status Not for loan Home library Current library Shelving location Date acquired Total Checkouts Full call number Barcode Date last seen Copy number Price effective from Koha item type
    Dewey Decimal Classification     London London Journal article 14/09/1999   ABS59320 88539-1001 06/08/2019 1 06/08/2019 Journal article